Normal view
MARC view
- علم اللغة
Entry Topical Term
001 - CONTROL NUMBER
- control field: 46325
003 - CONTROL NUMBER IDENTIFIER
- control field: JO-AjAnu
005 - DATE AND TIME OF LATEST TRANSACTION
- control field: 20230606081645.0
008 - FIXED-LENGTH DATA ELEMENTS
- fixed length control field: 230606|| aca||aabn | a|a d
040 ## - CATALOGING SOURCE
- Original cataloging agency: JO-AjAnu
- Transcribing agency: JO-AjAnu
150 ## - HEADING--TOPICAL TERM
- Topical term or geographic name entry element: علم اللغة
670 ## - SOURCE DATA FOUND
- Source citation: Work cat.: (JO-AjAnu)23711: إبراهيم أبو هشهش ... وآخرون؛ إشراف وتحرير هيثم سرخان, author 46324, آفاق اللسانيات: دراسات - مراجعات - شهادات تكريما للأستاذ الدكتور نهاد الموسى = Horizons of Linguistics: Studies, Reviews and Monographs in Honor of Professor Nuhad Musa